| 000 | 01132cam a2200325 i 4500 | ||
|---|---|---|---|
| 999 |
_c200444917 _d63129 |
||
| 001 | 200444917 | ||
| 003 | TR-AnTOB | ||
| 005 | 20220525143322.0 | ||
| 007 | ta | ||
| 008 | 950927s1963 gw a b 000 0 ger d | ||
| 035 |
_a(OCoLC)17915910 _z(OCoLC)989581965 |
||
| 035 | _aucoclc17915910 | ||
| 035 | _a(TR-AnTOB)200444917 | ||
| 040 |
_aEYW _beng _erda _cEYW _dOCLCQ _dOCLCF _dOCLCQ _dOCLCO _dNETUE _dTR-AnTOB |
||
| 041 | 0 | _ager | |
| 050 | 4 |
_aTP1180.V48 _bT46 1963 |
|
| 090 |
_aTP1180.V48 _bT46 1963 |
||
| 100 | 1 |
_aThomass, Hans _eauthor _9133815 |
|
| 245 | 1 | 0 |
_aPVC-Folien : _bRohstoffe, Herstellungsverfahren, Eigenschaften, Prüfung, Weiterverarbeitung und Anwendung / _cvon Dr. Hans Thomass. |
| 264 | 1 |
_aMünchen : _bC. Hanser, _c1963. |
|
| 300 |
_a312 pages : _billustrations ; _c22 cm |
||
| 336 |
_atext _btxt _2rdacontent |
||
| 337 |
_aunmediated _bn _2rdamedia |
||
| 338 |
_avolume _bnc _2rdacarrier |
||
| 650 | 0 |
_aPolyvinyl chloride _9133816 |
|
| 776 | 0 | 8 |
_iOnline version: _aThomass, Hans. _tPVC-Folien. _dMünchen, C. Hanser, 1963 _w(OCoLC)608941798 |
| 942 |
_2lcc _cBK |
||